[Event "San Sebastian Gros op 29th"]
[Site "San Sebastian"]
[Date "2019.06.28"]
[Round "9"]
[White "Martinez Duany, Lelys Stanley"]
[Black "Robin, Samy"]
[Result "1/2-1/2"]
[WhiteElo "2535"]
[BlackElo "2332"]
[PlyCount "47"]
[EventDate "2019.06.21"]
[EventType "swiss"]
[EventRounds "9"]
[EventCountry "ESP"]
[SourceTitle "EXT 2020"]
[Source "ChessBase"]
[SourceDate "2019.10.17"]
[SourceVersion "1"]
[SourceVersionDate "2019.10.17"]
[SourceQuality "1"]

1. e4 e5 2. Nf3 Nc6 3. Bb5 a6 4. Ba4 d6 5. c3 f5 6. exf5 Bxf5 7. 0-0 Bd3 8. Re1 Be7 9. Bc2 Bxc2 10. Qxc2 Nf6 11. d4 e4 12. Ng5 d5 13. f3 h6 14. Nh3 0-0 15. Nd2 exf3 16. Nxf3 Rf7 17. Nf2 Qd7 18. Qg6 Bd6 19. Ne5 Bxe5 20. dxe5 Re8 21. Bf4 Rfe7 22. Nd3 Qg4 23. Qxg4 Nxg4 24. Red1 1/2-1/2

[Event "San Sebastian Gros op 29th"]
[Site "San Sebastian"]
[Date "2019.06.27"]
[Round "8"]
[White "Robin, Samy"]
[Black "Argandona Riveiro, Inigo"]
[Result "1-0"]
[WhiteElo "2332"]
[BlackElo "2416"]
[PlyCount "67"]
[EventDate "2019.06.21"]
[EventType "swiss"]
[EventRounds "9"]
[EventCountry "ESP"]
[SourceTitle "EXT 2020"]
[Source "ChessBase"]
[SourceDate "2019.10.17"]
[SourceVersion "1"]
[SourceVersionDate "2019.10.17"]
[SourceQuality "1"]

1. e4 d6 2. d4 Nf6 3. Nc3 e5 4. Nf3 Nbd7 5. g3 Be7 6. Bg2 0-0 7. 0-0 c6 8. a4 a5 9. b3 Re8 10. Bb2 Bf8 11. Re1 Qb6 12. h3 exd4 13. Qxd4 Qc7 14. Qd2 Ne5 15. Nd4 Qb6 16. Kh2 Bd7 17. f4 Rad8 18. fxe5 dxe5 19. Nf3 Bxh3 20. Qe2 Bc8 21. Bh3 Ng4+ 22. Kg2 Bc5 23. Nd1 Rxd1 24. Raxd1 Ne3+ 25. Kh2 Bxh3 26. Kxh3 Re6 27. Rd3 g5 28. Rxe3 g4+ 29. Kxg4 Rh6 30. Nh4 Bxe3 31. Qxe3 c5 32. Qg5+ Kf8 33. Qxe5 f5+ 34. exf5 1-0

[Event "San Sebastian Gros op 29th"]
[Site "San Sebastian"]
[Date "2019.06.26"]
[Round "7"]
[White "Gorbatov, Alexej"]
[Black "Robin, Samy"]
[Result "0-1"]
[WhiteElo "2374"]
[BlackElo "2332"]
[PlyCount "106"]
[EventDate "2019.06.21"]
[EventType "swiss"]
[EventRounds "9"]
[EventCountry "ESP"]
[SourceTitle "EXT 2020"]
[Source "ChessBase"]
[SourceDate "2019.10.17"]
[SourceVersion "1"]
[SourceVersionDate "2019.10.17"]
[SourceQuality "1"]

1. e4 g6 2. d4 Bg7 3. Nf3 e6 4. d5 d6 5. c4 Nf6 6. Nc3 0-0 7. Be2 exd5 8. exd5 Bg4 9. 0-0 Nbd7 10. h3 Bxf3 11. Bxf3 Re8 12. Qc2 a5 13. Be3 Nc5 14. Rfe1 Nfd7 15. Rad1 Rc8 16. Nb5 Qh4 17. Bd2 Rxe1+ 18. Bxe1 b6 19. b3 Na6 20. Bg4 Rd8 21. f4 Qe7 22. Bf2 Nf6 23. Bf3 Re8 24. g4 Nd7 25. Kg2 Ndc5 26. Qb1 Qf6 27. Bg3 Qb2+ 28. Qxb2 Bxb2 29. Rb1 Nd3 30. Rd1 Ndc5 31. Bf2 Kf8 32. Bxc5 bxc5 33. a3 Re3 34. Rb1 Rxb3 35. g5 a4 36. Bd1 Rd3 37. Be2 Rb3 38. Bd1 Rd3 39. Be2 Rb3 40. Bg4 f5 41. gxf6 Bxf6 42. Re1 Rb2+ 43. Kh1 Nb4 44. Nxc7 Nd3 45. Re8+ Kg7 46. Ne6+ Kh6 47. Rf8 Nf2+ 48. Kg1 Bd4 49. Kf1 Ne4 50. Rf7 Rf2+ 51. Ke1 Bc3+ 52. Kd1 Rd2+ 53. Kc1 Bb2+ 0-1

[Event "Titled Tuesday intern op 2nd April"]
[Site "Chess.com INT"]
[Date "2019.04.02"]
[Round "2"]
[White "Hoeffer, David"]
[Black "Robin, Samy"]
[Result "1/2-1/2"]
[WhiteElo "2314"]
[BlackElo "2344"]
[PlyCount "166"]
[EventDate "2019.04.02"]
[EventType "swiss (blitz)"]
[EventRounds "10"]
[EventCountry "USA"]
[SourceTitle "EXT 2021"]
[Source "ChessBase"]
[SourceDate "2020.10.23"]
[SourceVersion "1"]
[SourceVersionDate "2020.10.23"]
[SourceQuality "1"]

1. Nc3 g6 2. d4 Bg7 3. e4 e6 4. h4 h5 5. Nf3 d5 6. Bg5 Ne7 7. Bd3 Nbc6 8. e5 Nb4 9. Ne2 Nxd3+ 10. Qxd3 Bd7 11. Ng3 c5 12. c3 Qb6 13. Qd2 Bb5 14. a4 Bc4 15. dxc5 Qxc5 16. b4 Qc7 17. Qe3 Nc6 18. Bf6 Bxf6 19. exf6 a6 20. Ne2 0-0-0 21. 0-0 Kb8 22. b5 Na5 23. bxa6 Bxa6 24. Rfb1 Nc4 25. Qd4 e5 26. Qd1 Qc6 27. Rb4 Qxf6 28. Rab1 Rd7 29. Nc1 Rc8 30. Nb3 Qd6 31. Nbd2 f6 32. Nxc4 Rxc4 33. Rb6 Rc6 34. R6b3 Rdc7 35. Qd2 Qc5 36. Qh6 Bd3 37. R1b2 Ka7 38. Qh8 Qa5 39. Qd8 Rxc3 40. Kh2 Rxb3 41. Rxb3 Qc5 42. Rxd3 e4 43. Rxd5 Qc3 44. Ng1 f5 45. Qg5 Rc6 46. Rd8 Qe5+ 47. Qg3 Qe7 48. Rg8 Qf7 49. Rd8 Kb6 50. a5+ Ka6 51. Ra8+ Kb5 52. Qe3 f4 53. Qe2+ Qc4 54. Qxc4+ Rxc4 55. Ne2 f3 56. gxf3 exf3 57. Ng1 Rxh4+ 58. Nh3 g5 59. Kg3 Ra4 60. Nxg5 Rg4+ 61. Kxf3 Rxg5 62. Ra7 Kc6 63. a6 bxa6 64. Rxa6+ Kd7 65. Rh6 Ke7 66. Kf4 Ra5 67. f3 Kf7 68. Rb6 Kg7 69. Kg3 Ra4 70. f4 h4+ 71. Kg4 h3 72. Rb3 h2 73. Rh3 Ra2 74. Kg5 Rg2+ 75. Kf5 Rf2 76. Rh4 Rg2 77. Rh3 Rf2 78. Kg4 Kf6 79. Kg3 Ra2 80. Rxh2 Rxh2 81. Kxh2 Kf5 82. Kg3 Kf6 83. Kg4 Kg6 1/2-1/2

[Event "Titled Tuesday intern op 3rd July"]
[Site "Chess.com INT"]
[Date "2018.07.03"]
[Round "1"]
[White "Robin, Samy"]
[Black "Oparina, Karina"]
[Result "0-1"]
[WhiteElo "2300"]
[BlackElo "2218"]
[PlyCount "44"]
[EventDate "2018.07.03"]
[EventType "swiss (blitz)"]
[EventRounds "10"]
[EventCountry "USA"]
[SourceTitle "EXT 2021"]
[Source "ChessBase"]
[SourceDate "2020.10.23"]
[SourceVersion "1"]
[SourceVersionDate "2020.10.23"]
[SourceQuality "1"]

1. e4 c6 2. Nf3 d5 3. Nc3 Bg4 4. h3 Bxf3 5. Qxf3 e6 6. d3 Nf6 7. g4 Nbd7 8. g5 Ng8 9. h4 Bb4 10. Bd2 Ne7 11. 0-0-0 d4 12. Nb1 Qa5 13. a3 Bxd2+ 14. Nxd2 Ne5 15. Qg3 0-0-0 16. Nb3 Qc7 17. Nxd4 Rxd4 18. c3 Rd7 19. d4 N5g6 20. e5 Nf5 21. Qg4 Rhd8 22. Bd3 Nxe5 0-1

[Event "Titled Tuesday intern op 2nd Jan"]
[Site "Chess.com INT"]
[Date "2018.01.02"]
[Round "5"]
[White "Joie, Sebastien"]
[Black "Robin, Samy"]
[Result "0-1"]
[WhiteElo "2376"]
[BlackElo "2286"]
[PlyCount "34"]
[EventDate "2018.01.02"]
[EventType "swiss (blitz)"]
[EventRounds "10"]
[EventCountry "USA"]
[SourceTitle "EXT 2021"]
[Source "ChessBase"]
[SourceDate "2020.10.23"]
[SourceVersion "1"]
[SourceVersionDate "2020.10.23"]
[SourceQuality "1"]

1. d4 g6 2. c4 Bg7 3. e4 e6 4. Ne2 Ne7 5. Be3 d5 6. e5 0-0 7. g4 dxc4 8. Ng3 c5 9. f4 cxd4 10. Qxd4 Qxd4 11. Bxd4 Nbc6 12. Bc3 Nd5 13. Bd2 Nd4 14. Na3 Nf3+ 15. Ke2 Nxd2 16. Kxd2 Nxf4 17. Nxc4 b5 0-1

[Event "Titled Tuesday intern op 2nd Jan"]
[Site "Chess.com INT"]
[Date "2018.01.02"]
[Round "2"]
[White "Robin, Samy"]
[Black "Chan, Yi Ren Daniel"]
[Result "0-1"]
[WhiteElo "2286"]
[BlackElo "2316"]
[PlyCount "62"]
[EventDate "2018.01.02"]
[EventType "swiss (blitz)"]
[EventRounds "10"]
[EventCountry "USA"]
[SourceTitle "EXT 2021"]
[Source "ChessBase"]
[SourceDate "2020.10.23"]
[SourceVersion "1"]
[SourceVersionDate "2020.10.23"]
[SourceQuality "1"]

1. d4 Nf6 2. Nc3 d5 3. e4 dxe4 4. f3 e3 5. Bxe3 Bf5 6. g4 Bg6 7. Nge2 e6 8. h4 h6 9. Nf4 Bh7 10. g5 Nd5 11. Ncxd5 exd5 12. g6 fxg6 13. Bd3 Qd6 14. Qe2 Be7 15. 0-0-0 Nc6 16. Rdg1 0-0-0 17. Nxg6 Bxg6 18. Rxg6 Bf6 19. c3 Rde8 20. Qf2 Rhf8 21. Rhg1 Kb8 22. Bd2 a6 23. h5 Ne7 24. R6g4 Nc8 25. Qg3 Qc6 26. Kb1 Nb6 27. Rg6 Na4 28. Bc1 Qb6 29. Ka1 Qa5 30. Bc2 Nxc3 31. Bd2 Qxa2# 0-1

[Event "Titled Tuesday intern op 17th April"]
[Site "Chess.com INT"]
[Date "2017.11.07"]
[Round "6"]
[White "Robin, Samy"]
[Black "Bakalchuk, Johnatan"]
[Result "1-0"]
[WhiteElo "2295"]
[BlackElo "2398"]
[PlyCount "73"]
[EventDate "2017.04.17"]
[EventType "swiss (blitz)"]
[EventRounds "10"]
[EventCountry "USA"]
[SourceTitle "EXT 2021"]
[Source "ChessBase"]
[SourceDate "2020.10.23"]
[SourceVersion "1"]
[SourceVersionDate "2020.10.23"]
[SourceQuality "1"]

1. d4 Nf6 2. Nc3 g6 3. e4 d5 4. e5 Ne4 5. Nxe4 dxe4 6. Be3 Bg7 7. c3 c5 8. Qd2 Nc6 9. 0-0-0 cxd4 10. cxd4 0-0 11. Kb1 Bf5 12. h3 h5 13. g4 hxg4 14. hxg4 Bxg4 15. Be2 Bxe2 16. Nxe2 Qa5 17. Nc3 Rfd8 18. Nxe4 Rac8 19. Qxa5 Nxa5 20. b3 Nc6 21. f4 Rd5 22. Nc3 Rd7 23. Kb2 Nb4 24. a3 Nd5 25. Nxd5 Rxd5 26. Rc1 Rxc1 27. Rxc1 Rd7 28. Rc8+ Kh7 29. Kc3 f6 30. Kc4 Bh6 31. e6 Rd6 32. d5 g5 33. fxg5 Bxg5 34. Bc5 Ra6 35. Bxe7 Bf4 36. Bxf6 Kg6 37. e7 1-0

[Event "Titled Tuesday intern op 17th April"]
[Site "Chess.com INT"]
[Date "2017.11.07"]
[Round "5"]
[White "Robin, Samy"]
[Black "Sarenac, Ivan"]
[Result "1-0"]
[WhiteElo "2295"]
[BlackElo "2415"]
[PlyCount "81"]
[EventDate "2017.04.17"]
[EventType "swiss (blitz)"]
[EventRounds "10"]
[EventCountry "USA"]
[SourceTitle "EXT 2021"]
[Source "ChessBase"]
[SourceDate "2020.10.23"]
[SourceVersion "1"]
[SourceVersionDate "2020.10.23"]
[SourceQuality "1"]

1. d4 Nf6 2. Nc3 d5 3. e4 dxe4 4. f3 exf3 5. Nxf3 Bg4 6. h3 Bxf3 7. Qxf3 c6 8. Qf2 Nbd7 9. Bd3 e5 10. Be3 Bb4 11. 0-0 Bxc3 12. bxc3 e4 13. Bxe4 0-0 14. Bd3 Qa5 15. Bd2 Rad8 16. Qh4 Qh5 17. Qg3 Qd5 18. Rf5 Qe6 19. Raf1 Kh8 20. Qh4 g6 21. Rxf6 Nxf6 22. Rxf6 Qxa2 23. Bg5 Rd5 24. Rf1 f5 25. Bf6+ Kg8 26. Be5 b5 27. Qe7 Rf7 28. Qe8+ Rf8 29. Qxc6 a6 30. c4 Rdd8 31. cxb5 axb5 32. Bxb5 Rc8 33. Qd7 Qf7 34. Qxf7+ Kxf7 35. c4 Ra8 36. c5 Ke6 37. Bc4+ Kd7 38. d5 Ra3 39. c6+ Ke7 40. d6+ Kd8 41. Be6 1-0

[Event "Titled Tuesday intern op 3rd Oct"]
[Site "Chess.com INT"]
[Date "2017.10.03"]
[Round "2"]
[White "O'Brien, Matthew"]
[Black "Robin, Samy"]
[Result "1-0"]
[WhiteElo "2314"]
[BlackElo "2292"]
[PlyCount "79"]
[EventDate "2017.10.03"]
[EventType "swiss (blitz)"]
[EventRounds "10"]
[EventCountry "USA"]
[SourceTitle "EXT 2021"]
[Source "ChessBase"]
[SourceDate "2020.10.23"]
[SourceVersion "1"]
[SourceVersionDate "2020.10.23"]
[SourceQuality "1"]

1. e4 g6 2. d4 Bg7 3. Nc3 e6 4. Be3 Ne7 5. h4 h6 6. h5 g5 7. Qd2 d5 8. 0-0-0 dxe4 9. Nxe4 Qd5 10. Nc3 Qa5 11. Nf3 Nbc6 12. Bc4 Bd7 13. Qe2 0-0-0 14. Bb3 Nf5 15. Ne4 Nxe3 16. fxe3 Nb4 17. Kb1 Bc6 18. Nc5 b6 19. Nd3 Nxd3 20. cxd3 Kb8 21. Rc1 Bb7 22. Rc2 Rd7 23. Rhc1 Rhd8 24. Nd2 Qf5 25. Ba4 Re7 26. Rf1 Qd5 27. Rf2 Ba6 28. Bb3 Qb7 29. Bc4 f5 30. Bxa6 Qxa6 31. Nc4 Qb5 32. Rc3 Kb7 33. Rb3 Qd5 34. Qd2 Ka8 35. Qb4 Bf8 36. Qa4 Qb7 37. Rc2 Red7 38. Na5 Qd5 39. Nc6 a5 40. Rb5 1-0

[Event "Titled Tuesday intern op 3rd Oct"]
[Site "Chess.com INT"]
[Date "2017.10.03"]
[Round "1"]
[White "Robin, Samy"]
[Black "Jarmula, Lukasz"]
[Result "0-1"]
[WhiteElo "2292"]
[BlackElo "2467"]
[PlyCount "79"]
[EventDate "2017.10.03"]
[EventType "swiss (blitz)"]
[EventRounds "10"]
[EventCountry "USA"]
[SourceTitle "EXT 2021"]
[Source "ChessBase"]
[SourceDate "2020.10.23"]
[SourceVersion "1"]
[SourceVersionDate "2020.10.23"]
[SourceQuality "1"]

1. d4 Nf6 2. Nc3 d5 3. e4 dxe4 4. f3 exf3 5. Nxf3 e6 6. Bd3 c5 7. dxc5 Bxc5 8. Qe2 Nc6 9. Bg5 h6 10. Bh4 g5 11. Bg3 Nh5 12. Be5 Nf4 13. Bxf4 gxf4 14. 0-0-0 Bd7 15. Ne4 Be3+ 16. Kb1 Qe7 17. Nfd2 Bxd2 18. Qxd2 e5 19. Bc4 0-0-0 20. Nd6+ Kb8 21. Nxf7 Bg4 22. Nxd8 Rxd8 23. Qc1 Bxd1 24. Rxd1 Rxd1 25. Qxd1 e4 26. Qf1 Qe5 27. a3 a6 28. c3 Ne7 29. Qd1 Kc7 30. Kc2 Nf5 31. Qe2 Ne3+ 32. Kc1 Qg5 33. Kb1 Qxg2 34. Qxg2 Nxg2 35. Bd5 e3 36. Bf3 Ne1 37. Bh5 f3 38. Kc1 Nd3+ 39. Kd1 e2+ 40. Kd2 0-1

[Event "Titled Tuesday intern op 2nd May"]
[Site "Chess.com INT"]
[Date "2017.05.02"]
[Round "6"]
[White "Grigorov, Grigor"]
[Black "Robin, Samy"]
[Result "1-0"]
[WhiteElo "2503"]
[BlackElo "2292"]
[PlyCount "77"]
[EventDate "2017.05.02"]
[EventType "swiss (blitz)"]
[EventRounds "10"]
[EventCountry "USA"]
[SourceTitle "EXT 2021"]
[Source "ChessBase"]
[SourceDate "2020.10.23"]
[SourceVersion "1"]
[SourceVersionDate "2020.10.23"]
[SourceQuality "1"]

1. d4 Nf6 2. Nf3 g6 3. Bg5 Ne4 4. Bf4 Bg7 5. Nbd2 d5 6. e3 c5 7. c3 0-0 8. Be2 Nc6 9. 0-0 a6 10. Nxe4 dxe4 11. Nd2 f5 12. f3 exf3 13. Nxf3 cxd4 14. Bc4+ Kh8 15. exd4 Na5 16. Bd3 Be6 17. Re1 Bc4 18. Bxc4 Nxc4 19. Qe2 b5 20. Ng5 e5 21. dxe5 Nxe5 22. Rad1 Qb6+ 23. Be3 Qf6 24. Bd4 Qxg5 25. Bxe5 Bxe5 26. Qxe5+ Qf6 27. Qxf6+ Rxf6 28. Re7 b4 29. c4 a5 30. Rdd7 a4 31. Rxh7+ Kg8 32. Rdg7+ Kf8 33. Rh8+ Kxg7 34. Rxa8 Rc6 35. Rxa4 Rxc4 36. h3 Kf6 37. Kh2 Kg5 38. a3 Rc2 39. Rxb4 1-0

[Event "Titled Tuesday intern op 2nd May"]
[Site "Chess.com INT"]
[Date "2017.05.02"]
[Round "9"]
[White "Mihok, Oliver"]
[Black "Robin, Samy"]
[Result "0-1"]
[WhiteElo "2532"]
[BlackElo "2292"]
[PlyCount "122"]
[EventDate "2017.05.02"]
[EventType "swiss (blitz)"]
[EventRounds "10"]
[EventCountry "USA"]
[SourceTitle "EXT 2021"]
[Source "ChessBase"]
[SourceDate "2020.10.23"]
[SourceVersion "1"]
[SourceVersionDate "2020.10.23"]
[SourceQuality "1"]

1. e4 c5 2. Nf3 Nc6 3. g3 g6 4. Bg2 Bg7 5. 0-0 d6 6. c3 Nf6 7. Re1 e5 8. a4 0-0 9. Na3 h6 10. d3 Be6 11. Nd2 d5 12. exd5 Bxd5 13. Ne4 Nxe4 14. dxe4 Be6 15. Qe2 Qe7 16. Nc4 Rfd8 17. a5 Rab8 18. Be3 b5 19. axb6 axb6 20. Ra6 b5 21. Rxc6 bxc4 22. Bxc5 Qb7 23. Rb6 Qc7 24. Rxb8 Rxb8 25. Bb4 Rd8 26. Rd1 Rd7 27. Bf1 Qd8 28. Rxd7 Qxd7 29. Bc5 Qa4 30. Kg2 Qa1 31. h3 h5 32. Kh2 Bh6 33. Be3 Bxe3 34. fxe3 Qb1 35. Kg2 Qxe4+ 36. Kf2 Bd5 37. Ke1 Kg7 38. Qd2 Be6 39. Bg2 Qb1+ 40. Kf2 Qf5+ 41. Kg1 Qg5 42. Kh2 h4 43. gxh4 Qxh4 44. Qe2 Qd8 45. Kg1 Qb6 46. Kh2 f5 47. Qd2 Kf6 48. Kg3 g5 49. Kh2 f4 50. exf4 gxf4 51. Be4 Bf5 52. Bd5 Qd6 53. Qg2 e4 54. Qg8 f3+ 55. Kh1 Ke5 56. Bxc4 Qd1+ 57. Kh2 Qd2+ 58. Kg3 Qf4+ 59. Kf2 e3+ 60. Ke1 f2+ 61. Kf1 Bxh3+ 0-1

[Event "Titled Tuesday intern op 2nd May"]
[Site "Chess.com INT"]
[Date "2017.05.02"]
[Round "3"]
[White "Tomb, Maroun"]
[Black "Robin, Samy"]
[Result "0-1"]
[WhiteElo "2157"]
[BlackElo "2292"]
[PlyCount "46"]
[EventDate "2017.05.02"]
[EventType "swiss (blitz)"]
[EventRounds "10"]
[EventCountry "USA"]
[SourceTitle "EXT 2021"]
[Source "ChessBase"]
[SourceDate "2020.10.23"]
[SourceVersion "1"]
[SourceVersionDate "2020.10.23"]
[SourceQuality "1"]

1. e4 c5 2. Ne2 Nc6 3. d4 cxd4 4. Nxd4 e5 5. Nxc6 bxc6 6. Bd3 Nf6 7. Qe2 Bc5 8. 0-0 0-0 9. Nd2 Qc7 10. Kh1 d5 11. b3 Bd4 12. Rb1 a5 13. a4 Re8 14. Nf3 Bc3 15. Nh4 Nxe4 16. Bxe4 dxe4 17. Qxe4 Ba6 18. Rd1 Rad8 19. Be3 Rxd1+ 20. Rxd1 Rd8 21. Rxd8+ Qxd8 22. g3 Qd1+ 23. Kg2 Bf1+ 0-1

[Event "Titled Tuesday intern op 2nd May"]
[Site "Chess.com INT"]
[Date "2017.05.02"]
[Round "1"]
[White "Van Foreest, Jorden"]
[Black "Robin, Samy"]
[Result "1-0"]
[WhiteElo "2595"]
[BlackElo "2292"]
[PlyCount "73"]
[EventDate "2017.05.02"]
[EventType "swiss (blitz)"]
[EventRounds "10"]
[EventCountry "USA"]
[SourceTitle "EXT 2021"]
[Source "ChessBase"]
[SourceDate "2020.10.23"]
[SourceVersion "1"]
[SourceVersionDate "2020.10.23"]
[SourceQuality "1"]

1. d4 Nf6 2. Bf4 g6 3. Nc3 d5 4. Qd2 h6 5. 0-0-0 Bg7 6. f3 g5 7. Bg3 0-0 8. e4 c6 9. h4 g4 10. h5 Na6 11. e5 Nh7 12. Bd3 Nb4 13. Be2 f5 14. a3 a5 15. Bf4 Qb6 16. Bxh6 c5 17. Bxg7 Kxg7 18. Na4 Qc6 19. Nxc5 b6 20. Nd3 Nxd3+ 21. Bxd3 Ba6 22. Ne2 Rfc8 23. Bxa6 Rxa6 24. fxg4 fxg4 25. Rdf1 b5 26. Rf4 b4 27. Rhf1 bxa3 28. bxa3 Qa4 29. Rf7+ Kg8 30. Qd3 Rxc2+ 31. Qxc2 Rc6 32. Nc3 Qxa3+ 33. Kd2 Ng5 34. Rf8+ Kg7 35. h6+ Rxh6 36. Qf5 Qb2+ 37. Kd3 1-0

[Event "Titled Tuesday intern Qual4 25th April"]
[Site "Chess.com INT"]
[Date "2017.04.25"]
[Round "1"]
[White "Kovalenko, Igor"]
[Black "Robin, Samy"]
[Result "1-0"]
[WhiteElo "2659"]
[BlackElo "2285"]
[PlyCount "47"]
[EventDate "2017.04.25"]
[EventType "swiss (blitz)"]
[EventRounds "10"]
[EventCountry "USA"]
[SourceTitle "EXT 2021"]
[Source "ChessBase"]
[SourceDate "2020.10.23"]
[SourceVersion "1"]
[SourceVersionDate "2020.10.23"]
[SourceQuality "1"]

1. c4 c5 2. Nc3 Nc6 3. g3 g6 4. Bg2 Bg7 5. Nf3 d6 6. a3 e5 7. Rb1 a5 8. d3 Nge7 9. Bd2 0-0 10. 0-0 h6 11. Qc1 Kh7 12. Ne1 Be6 13. Nc2 d5 14. cxd5 Nxd5 15. Ne3 Nde7 16. Nc4 b6 17. Nb5 Rb8 18. b4 axb4 19. axb4 Nxb4 20. Bxb4 cxb4 21. Rxb4 Bd5 22. Ncd6 Bxg2 23. Kxg2 Nc6 24. Qxc6 1-0

[Event "Titled Tuesday intern Qual4 25th April"]
[Site "Chess.com INT"]
[Date "2017.04.25"]
[Round "4"]
[White "Robin, Samy"]
[Black "Bernotas, Arturs"]
[Result "0-1"]
[WhiteElo "2285"]
[BlackElo "2393"]
[PlyCount "64"]
[EventDate "2017.04.25"]
[EventType "swiss (blitz)"]
[EventRounds "10"]
[EventCountry "USA"]
[SourceTitle "EXT 2021"]
[Source "ChessBase"]
[SourceDate "2020.10.23"]
[SourceVersion "1"]
[SourceVersionDate "2020.10.23"]
[SourceQuality "1"]

1. e4 d5 2. exd5 Nf6 3. Bb5+ Bd7 4. Bc4 Bg4 5. f3 Bc8 6. Nc3 Nbd7 7. Qe2 Nb6 8. Qd3 g6 9. Nge2 Bf5 10. Ne4 Bg7 11. Bb5+ Bd7 12. Bxd7+ Qxd7 13. c4 c6 14. Nc5 Qc7 15. dxc6 Qxc6 16. b4 Nfd7 17. Rb1 Nxc5 18. bxc5 Qxc5 19. Bb2 Rd8 20. Qb3 Bxb2 21. Qxb2 0-0 22. Qc2 Nxc4 23. Rc1 b5 24. d3 Qb4+ 25. Kf2 Ne5 26. Qc3 Nxd3+ 27. Kg3 Qd6+ 28. f4 Nxc1 29. Nxc1 Rc8 30. Qb2 g5 31. h4 Qxf4+ 32. Kh3 Qxh4# 0-1

[Event "Titled Tuesday intern Qual3 18th April"]
[Site "Chess.com INT"]
[Date "2017.04.18"]
[Round "10"]
[White "Robin, Samy"]
[Black "Sochacki, Wojtek"]
[Result "0-1"]
[WhiteElo "2285"]
[BlackElo "2343"]
[PlyCount "104"]
[EventDate "2017.04.18"]
[EventType "swiss (blitz)"]
[EventRounds "10"]
[EventCountry "USA"]
[SourceTitle "EXT 2021"]
[Source "ChessBase"]
[SourceDate "2020.10.23"]
[SourceVersion "1"]
[SourceVersionDate "2020.10.23"]
[SourceQuality "1"]

1. e4 c5 2. Nf3 d6 3. d4 cxd4 4. Nxd4 Nf6 5. Nc3 g6 6. Be2 Bg7 7. 0-0 0-0 8. Bg5 Nc6 9. Nb3 Be6 10. f4 a5 11. a4 Nb4 12. Kh1 Qb6 13. Ra3 Rfd8 14. Bf3 d5 15. e5 Ne4 16. Bxe7 Rd7 17. Bh4 Rc8 18. Nd4 Rc4 19. Nxe6 Qxe6 20. Bg4 Qc6 21. Bxd7 Qxd7 22. Nxe4 Rxe4 23. Be1 Nc6 24. Rd3 Ne7 25. Bxa5 Qxa4 26. Bd2 Qc6 27. Bc3 h5 28. Rd4 Nf5 29. Rxe4 dxe4 30. Qd8+ Kh7 31. Rd1 e3 32. Qd3 h4 33. h3 Bh6 34. Qd5 e2 35. Qxf7+ Bg7 36. Re1 Ng3+ 37. Kh2 Nf1+ 38. Kh1 Ng3+ 39. Kh2 Nf1+ 40. Kh1 Ng3+ 41. Kh2 Nf1+ 42. Kh1 Kh6 43. e6 Bxc3 44. bxc3 Qxc3 45. Qf8+ Kh7 46. Rxe2 Ng3+ 47. Kh2 Nxe2 48. Qf7+ Qg7 49. Qe8 Qf6 50. Qf7+ Qxf7 51. exf7 Kg7 52. f8Q+ Kxf8 0-1

[Event "Titled Tuesday intern Qual2 11th April"]
[Site "Chess.com INT"]
[Date "2017.04.11"]
[Round "4"]
[White "Narayanan, Sunilduth Lyna"]
[Black "Robin, Samy"]
[Result "1-0"]
[WhiteElo "2551"]
[BlackElo "2285"]
[PlyCount "33"]
[EventDate "2017.04.11"]
[EventType "swiss (blitz)"]
[EventRounds "10"]
[EventCountry "USA"]
[SourceTitle "EXT 2021"]
[Source "ChessBase"]
[SourceDate "2020.10.23"]
[SourceVersion "1"]
[SourceVersionDate "2020.10.23"]
[SourceQuality "1"]

1. Nf3 c5 2. e4 Nc6 3. d4 cxd4 4. Nxd4 e5 5. Ne2 Nf6 6. Ng3 d5 7. exd5 Qxd5 8. Qxd5 Nxd5 9. c3 Be7 10. Nd2 0-0 11. Nf3 f5 12. Bc4 Be6 13. Bg5 e4 14. Bxe7 Ncxe7 15. Ng5 Rf6 16. Nxe6 Rxe6 17. Nxf5 1-0

[Event "Las Palmas Montalvo Memorial 10th"]
[Site "Las Palmas"]
[Date "2017.04.08"]
[Round "1"]
[White "De Leon Navarro, Claudio"]
[Black "Robin, Samy"]
[Result "0-1"]
[WhiteElo "1627"]
[BlackElo "2285"]
[PlyCount "108"]
[EventDate "2017.04.08"]
[EventType "swiss"]
[EventRounds "9"]
[EventCountry "ESP"]
[SourceTitle "CBM 177 Extra"]
[Source "ChessBase"]
[SourceDate "2017.04.27"]
[SourceVersion "1"]
[SourceVersionDate "2017.04.27"]
[SourceQuality "1"]

1. e4 g6 2. d4 Bg7 3. Nc3 e6 4. Be3 Ne7 5. Qd2 d5 6. f3 c5 7. Bb5+ Bd7 8. Bxd7+ Qxd7 9. Nge2 cxd4 10. Bxd4 e5 11. Bc5 d4 12. Bxe7 dxc3 13. Qxd7+ Nxd7 14. Ba3 cxb2 15. Bxb2 Nb6 16. 0-0-0 0-0 17. Nc3 Rfd8 18. Nd5 Nxd5 19. Rxd5 Rxd5 20. exd5 f6 21. Rd1 Kf7 22. Kd2 Rd8 23. c4 Bf8 24. Kc3 Bc5 25. Kd3 Rd6 26. g4 Ra6 27. Ra1 Ra4 28. a3 a6 29. Ra2 b5 30. cxb5 axb5 31. Ra1 Ke7 32. Ke2 Kd6 33. Rd1 Bxa3 34. Bxa3+ Rxa3 35. Rb1 Ra5 36. Rd1 Ra2+ 37. Ke3 Rxh2 38. Rb1 Kc5 39. d6 Kxd6 40. Rxb5 Rc2 41. Rb6+ Rc6 42. Rb7 Rc7 43. Rb6+ Ke7 44. Rb2 Kf7 45. Ke4 Kg7 46. Rd2 Kh6 47. Rh2+ Kg5 48. Rh1 Ra7 49. Rh2 h6 50. Rh3 Ra4+ 51. Ke3 e4 52. f4+ Kxg4 53. Rxh6 Kf5 54. Rh4 Ra3+ 0-1

[Event "Titled Tuesday intern Qual1 4th April"]
[Site "Chess.com INT"]
[Date "2017.04.04"]
[Round "9"]
[White "Sethuraman, SP."]
[Black "Robin, Samy"]
[Result "0-1"]
[WhiteElo "2624"]
[BlackElo "2285"]
[PlyCount "134"]
[EventDate "2017.04.04"]
[EventType "swiss (blitz)"]
[EventRounds "10"]
[EventCountry "USA"]
[SourceTitle "EXT 2021"]
[Source "ChessBase"]
[SourceDate "2020.10.23"]
[SourceVersion "1"]
[SourceVersionDate "2020.10.23"]
[SourceQuality "1"]

1. d4 Nf6 2. Bf4 d5 3. Nf3 e6 4. e3 c5 5. c3 Nc6 6. Nbd2 Bd6 7. Bg3 0-0 8. Bb5 Ne7 9. Bd3 b6 10. Qe2 Bb7 11. Ne5 Nf5 12. f4 Be7 13. Bf2 Nd6 14. 0-0 Nfe4 15. Ndf3 f6 16. Ng4 h5 17. Nh4 Qe8 18. dxc5 bxc5 19. f5 exf5 20. Bxe4 fxe4 21. Bg3 hxg4 22. Bxd6 Bxd6 23. Nf5 Qe5 24. Qxg4 g5 25. Qh5 Qxh2+ 26. Qxh2 Bxh2+ 27. Kxh2 Rad8 28. Rad1 Kf7 29. Kg3 Bc8 30. c4 Bxf5 31. Rxf5 d4 32. Rxc5 d3 33. Rc7+ Kg6 34. Rc6 Rc8 35. Rxc8 Rxc8 36. b3 Kf5 37. Rh1 Rc6 38. Kf2 Ra6 39. a4 Rb6 40. Rb1 a5 41. c5 Rc6 42. Rc1 Ke6 43. Ke1 Kd5 44. Kd2 Rxc5 45. Rf1 Rc2+ 46. Kd1 Ke5 47. g4 Rb2 48. Rf5+ Ke6 49. Rxa5 Re2 50. Ra6+ Kf7 51. Ra7+ Kg6 52. a5 Rxe3 53. a6 Rg3 54. Rd7 Rxg4 55. a7 Rg1+ 56. Kd2 Ra1 57. b4 g4 58. b5 g3 59. b6 g2 60. Rd8 Kg7 61. Rd7+ Kg6 62. Rd8 Ra2+ 63. Kc3 Kf7 64. b7 g1Q 65. b8Q Rc2+ 66. Kb4 Qb1+ 67. Ka5 Ra2# 0-1